[Event "17. OIBM Bad Wiessee"]
[Site "Bad Wiessee"]
[Date "2013.10.28"]
[Round "4.45"]
[White "Förster, Sören"]
[Black "Welling, Gerard"]
[Result "1/2-1/2"]
[WhiteElo "2119"]
[BlackElo "2336"]
[PlyCount "82"]
[EventDate "2013.??.??"]
[BlackTeam "WLC Eindhofen"]

1. e4 e5 2. Nf3 Nc6 3. Bb5 a6 4. Bxc6 dxc6 5. O-O f6 6. d4 exd4 7. Nxd4 c5 8.
Nb3 Qxd1 9. Rxd1 Bg4 10. f3 Bd7 11. Bf4 O-O-O 12. Nc3 Be6 13. Rxd8+ Kxd8 14.
Rd1+ Kc8 15. Nd5 Bxd5 16. Rxd5 b6 17. c4 Ne7 18. Rd1 Nc6 19. Kf2 Be7 20. Ke2 h5
21. h3 h4 22. Be3 Bd6 23. Nc1 Re8 24. Nd3 f5 25. exf5 Nd4+ 26. Kd2 Nxf5 27. Bf2
Re6 28. Kc2 Rg6 29. Ne1 Re6 30. Nd3 Bg3 31. Re1 Rxe1 32. Bxe1 Ne3+ 33. Kb3 Nxg2
34. Bc3 g6 35. Bd2 Kd7 36. Kc2 Ke6 37. Kd1 Kf5 38. Ke2 Bf4 39. Kf2 Bxd2 40.
Kxg2 Be3 41. a4 Bd4 1/2-1/2

[Event "17. OIBM Bad Wiessee"]
[Site "Bad Wiessee"]
[Date "2013.10.28"]
[Round "4.46"]
[White "Eichhorn, Andreas"]
[Black "Gnegel, Boris Igor"]
[Result "1-0"]
[WhiteElo "2331"]
[BlackElo "2104"]
[PlyCount "69"]
[EventDate "2013.??.??"]
[WhiteTeam "Kölner SK Dr. Lasker 186"]
[BlackTeam "TV Tegernsee"]

1. d4 Nc6 2. d5 Ne5 3. e4 e6 4. Be3 exd5 5. exd5 Nf6 6. Be2 Bb4+ 7. c3 Be7 8.
Nf3 d6 9. c4 O-O 10. Nc3 Re8 11. Nd4 Bf8 12. h3 c5 13. dxc6 d5 14. c7 Qxc7 15.
cxd5 Bd7 16. O-O Qa5 17. Nb3 Qb4 18. Qd4 b6 19. Rfd1 Rac8 20. Ba6 Rcd8 21. Rac1
Bc5 22. Nxc5 bxc5 23. Qxb4 cxb4 24. Nb5 Bf5 25. Nc7 Re7 26. Bxa7 Nxd5 27. Nxd5
Red7 28. Ne7+ Kf8 29. Rxd7 Bxd7 30. Bc5 Ke8 31. Re1 f6 32. f4 Ra8 33. fxe5 Rxa6
34. exf6 Kf7 35. Nd5 1-0

[Event "17. OIBM Bad Wiessee"]
[Site "Bad Wiessee"]
[Date "2013.10.28"]
[Round "4.47"]
[White "Wille, Thomas"]
[Black "Sedina, Elena"]
[Result "1/2-1/2"]
[WhiteElo "2116"]
[BlackElo "2312"]
[PlyCount "65"]
[EventDate "2013.??.??"]
[WhiteTeam "Krefelder SK Turm 1851 e"]

1. c4 e5 2. Nc3 Bb4 3. Nd5 Bc5 4. e3 c6 5. Nc3 Qe7 6. a3 Nf6 7. Nge2 d6 8. Na4
a5 9. Nxc5 dxc5 10. d3 O-O 11. Qc2 Re8 12. e4 Nbd7 13. h3 Nf8 14. Be3 Ne6 15.
g3 b5 16. f4 bxc4 17. dxc4 exf4 18. Nxf4 Nxf4 19. Bxf4 Nxe4 20. Qe2 Bf5 21. Bg2
Rac8 22. O-O Bg6 23. Rad1 Rcd8 24. Rfe1 Rxd1 25. Qxd1 f6 26. Qa4 Qd7 27. Qxa5
Qd4+ 28. Kh2 Qxb2 29. Qc7 Qf2 30. Rb1 Ng5 31. Rf1 Qc2 32. Bxg5 fxg5 33. Qxc6 {
Rest unleserlich} 1/2-1/2

[Event "17. OIBM Bad Wiessee"]
[Site "Bad Wiessee"]
[Date "2013.10.28"]
[Round "4.48"]
[White "Rausch, Stephan"]
[Black "Becker, Andreas"]
[Result "1-0"]
[WhiteElo "2294"]
[BlackElo "2091"]
[PlyCount "63"]
[EventDate "2013.??.??"]
[WhiteTeam "SG Leipzig"]
[BlackTeam "SK Freiburg Zähringen 1887 e.V."]

1. g3 e5 2. Bg2 Nf6 3. c4 Nc6 4. Nc3 Bc5 5. e3 d6 6. Nge2 a5 7. d4 exd4 8. exd4
Ba7 9. Qd3 O-O 10. Bg5 h6 11. h4 Nb4 12. Qb1 hxg5 13. hxg5 g6 14. gxf6 Qxf6 15.
a3 Nc6 16. Nd5 Qg7 17. Rh4 Bf5 18. Qd1 Rae8 19. Ne3 Bd7 20. Qd3 g5 21. Bxc6
bxc6 22. Rh2 Qg6 23. Qxg6+ fxg6 24. Kd2 Re4 25. Rah1 Kf7 26. f3 Re7 27. Rh8
Rxh8 28. Rxh8 Kg7 29. Ra8 Bb6 30. b4 c5 31. Nd5 Bc6 32. Rg8+ 1-0

[Event "17. OIBM Bad Wiessee"]
[Site "Bad Wiessee"]
[Date "2013.10.28"]
[Round "4.49"]
[White "Lang, Ferdinand"]
[Black "Wacker, Peter"]
[Result "0-1"]
[WhiteElo "2110"]
[BlackElo "2293"]
[PlyCount "110"]
[EventDate "2013.??.??"]
[WhiteTeam "TSV Willsbach"]
[BlackTeam "Pulheimer SC 1924/57 e.V"]

1. e4 e5 2. Nf3 Nc6 3. Bb5 Nd4 4. Nxd4 exd4 5. c3 Bc5 6. d3 a5 7. Qh5 Qe7 8.
Bg5 Nf6 9. Qh4 O-O 10. Nd2 c6 11. Ba4 b5 12. Bc2 dxc3 13. bxc3 h6 14. Bxf6 Qxf6
15. Qxf6 gxf6 16. O-O Ba3 17. Rab1 d6 18. Nf3 f5 19. Nd4 fxe4 20. dxe4 Bd7 21.
f4 Bc5 22. Rbd1 a4 23. Kh1 Rfb8 24. Rf3 b4 25. c4 Kf8 26. f5 Ke7 27. Rfd3 f6
28. Ne2 Be8 29. Nd4 Bxd4 30. Rxd4 b3 31. axb3 axb3 32. Bb1 Bh5 33. Re1 c5 34.
Rd3 Bf7 35. Red1 Ra1 36. Rc3 Rb4 37. Kg1 Bxc4 38. Rh3 Bf7 39. Rxh6 Rxe4 40. Rh3
c4 41. Kf2 Re5 42. g4 d5 43. Re3 Kd6 44. h4 Rxe3 45. Kxe3 Ke5 46. g5 d4+ 47.
Kd2 fxg5 48. hxg5 Rxb1 49. Rxb1 Kxf5 50. Rf1+ Kg6 51. Rf4 c3+ 52. Kd3 b2 53.
Rf6+ Kxg5 54. Rb6 Bg6+ 55. Kxd4 c2 0-1

[Event "17. OIBM Bad Wiessee"]
[Site "Bad Wiessee"]
[Date "2013.10.29"]
[Round "5.1"]
[White "Berkes, Ferenc"]
[Black "Pap, Misa"]
[Result "1-0"]
[WhiteElo "2673"]
[BlackElo "2484"]
[PlyCount "87"]
[EventDate "2013.??.??"]
[WhiteTeam "SC Eppingen"]
[BlackTeam "Sfr. Korbach"]

1. d4 Nf6 2. c4 c5 3. d5 b5 4. cxb5 a6 5. e3 Bb7 6. Nc3 g6 7. Nf3 Bg7 8. a4 O-O
9. e4 e6 10. Be2 axb5 11. Bxb5 exd5 12. exd5 Re8+ 13. Be3 Ng4 14. O-O Rxe3 15.
fxe3 Nxe3 16. Qe2 Nxf1 17. Rxf1 Na6 18. Ne5 Qe7 19. Nxd7 Qxe2 20. Bxe2 Bd4+ 21.
Kh1 Nb4 22. Nb6 Rd8 23. a5 Kg7 24. h3 f5 25. Ra1 h5 26. h4 Kh6 27. Bb5 g5 28.
a6 Bxa6 29. Bxa6 Rd6 30. Nca4 Nxa6 31. Nc4 Rd8 32. Nab6 Nb4 33. d6 Nc6 34. Re1
gxh4 35. Re6+ Kg5 36. d7 Nb8 37. Re8 Rxd7 38. Nxd7 Nxd7 39. b4 Nf6 40. Rd8 Kg4
41. b5 Kg3 42. b6 Ng4 43. Rxd4 cxd4 44. b7 1-0

[Event "17. OIBM Bad Wiessee"]
[Site "Bad Wiessee"]
[Date "2013.10.29"]
[Round "5.2"]
[White "Nisipeanu, Liviu-Dieter"]
[Black "Carlstedt, Jonathan"]
[Result "1-0"]
[WhiteElo "2674"]
[BlackElo "2421"]
[PlyCount "95"]
[EventDate "2013.??.??"]
[WhiteTeam "OSG Baden-Baden"]
[BlackTeam "SV Diag.Harburg 1926 eV"]

1. d4 d5 2. Nf3 Nf6 3. c4 c6 4. Nc3 e6 5. g3 Nbd7 6. Bg2 Bd6 7. O-O O-O 8. Nd2
Bc7 9. e4 dxc4 10. e5 Nd5 11. Nxc4 b6 12. Ne4 f5 13. exf6 N7xf6 14. Bg5 Ba6 15.
Rc1 h6 16. Nxf6+ Nxf6 17. Bxf6 Qxf6 18. Bxc6 Rad8 19. Qa4 Bxc4 20. Rxc4 b5 21.
Qxb5 Bb6 22. b3 Rxd4 23. Rxd4 Qxd4 24. Qe2 e5 25. Kg2 Rd8 26. Be4 Rf8 27. h4 g5
28. hxg5 hxg5 29. Qc4+ Kg7 30. Qxd4 Bxd4 31. f3 g4 32. fxg4 Rxf1 33. Kxf1 Kf6
34. Ke2 Kg5 35. Kf3 Bc3 36. Bd3 Be1 37. Be2 a5 38. Bd1 Kf6 39. Be2 Bb4 40. Ke4
Be1 41. a3 Bxg3 42. b4 axb4 43. axb4 Bf2 44. b5 Ke6 45. g5 Bh4 46. b6 Kd6 47.
b7 Kc7 48. g6 1-0

[Event "17. OIBM Bad Wiessee"]
[Site "Bad Wiessee"]
[Date "2013.10.29"]
[Round "5.3"]
[White "Eingorn, Vereslav S"]
[Black "Rozentalis, Eduardas"]
[Result "1/2-1/2"]
[WhiteElo "2548"]
[BlackElo "2616"]
[PlyCount "23"]
[EventDate "2013.??.??"]

1. c4 e6 2. g3 Nf6 3. Bg2 d5 4. Nf3 Be7 5. O-O O-O 6. b3 b6 7. Bb2 Bb7 8. e3
Nbd7 9. Nc3 dxc4 10. bxc4 Nc5 11. d4 Nce4 12. Nxe4 1/2-1/2

[Event "17. OIBM Bad Wiessee"]
[Site "Bad Wiessee"]
[Date "2013.10.29"]
[Round "5.4"]
[White "Bluebaum, Matthias"]
[Black "Sumets, Andrey"]
[Result "0-1"]
[WhiteElo "2510"]
[BlackElo "2598"]
[PlyCount "80"]
[EventDate "2013.??.??"]
[WhiteTeam "SAbt SV Werder Bremen"]
[BlackTeam "SF Lilienthal von 1971"]

1. d4 d5 2. c4 c6 3. Nc3 Nf6 4. e3 g6 5. Nf3 Bg7 6. Be2 O-O 7. O-O dxc4 8. Bxc4
Bg4 9. Be2 Nbd7 10. e4 Qa5 11. h3 Bxf3 12. Bxf3 e5 13. dxe5 Qxe5 14. Be3 Nc5
15. Bd4 Qe7 16. Qc2 Rfe8 17. Rfe1 Nfd7 18. Be3 Nb6 19. Rad1 Ne6 20. Qb3 Ng5 21.
Bxg5 Qxg5 22. Rd3 Rad8 23. Red1 Rxd3 24. Rxd3 h5 25. Na4 Qa5 26. Nc3 Qc5 27.
Ne2 h4 28. Rd1 Be5 29. Rc1 Qe7 30. a4 Qc7 31. Rd1 Rd8 32. Nc3 Rxd1+ 33. Qxd1
Kg7 34. Qd3 Qe7 35. a5 Nd7 36. Qc4 Qg5 37. Nd1 Qd2 38. Qe2 Qxa5 39. Ne3 Qa1+
40. Qd1 Bxb2 0-1

[Event "17. OIBM Bad Wiessee"]
[Site "Bad Wiessee"]
[Date "2013.10.29"]
[Round "5.5"]
[White "Gupta, Abhijeet"]
[Black "Weber, Ulrich"]
[Result "1/2-1/2"]
[WhiteElo "2593"]
[BlackElo "2423"]
[PlyCount "95"]
[EventDate "2013.??.??"]
[BlackTeam "SV 1920 Hofheim"]

1. d4 Nf6 2. c4 g6 3. Nc3 Bg7 4. e4 d6 5. f3 O-O 6. Nge2 c5 7. d5 e6 8. Ng3
exd5 9. cxd5 h5 10. Bg5 Qb6 11. Qd2 Nh7 12. Bh4 Nd7 13. Be2 Re8 14. Nf1 a6 15.
Bf2 Qb4 16. Ne3 Bh6 17. Qc2 Ne5 18. O-O Bd7 19. Kh1 Qa5 20. a4 Qd8 21. a5 h4
22. Na4 Bb5 23. Nb6 Rb8 24. Bxb5 axb5 25. Qe2 c4 26. b3 h3 27. g3 Qe7 28. bxc4
Ng5 29. f4 Nxc4 30. e5 Ne4 31. Nexc4 Nxf2+ 32. Qxf2 bxc4 33. Nxc4 dxe5 34. fxe5
Bg7 35. Rae1 Rbd8 36. Qf3 Qc7 37. Qe4 f5 38. Qd4 Rc8 39. Nb6 Rxe5 40. Rxe5 Bxe5
41. Qh4 Re8 42. Qxh3 Bd4 43. Qh6 Qf7 44. Kg2 Bxb6 45. axb6 Qxd5+ 46. Kh3 Qe6
47. Qf4 Qxb6 48. Rc1 1/2-1/2

[Event "17. OIBM Bad Wiessee"]
[Site "Bad Wiessee"]
[Date "2013.10.29"]
[Round "5.6"]
[White "Gutman, Lev"]
[Black "Danin, Alexander"]
[Result "0-1"]
[WhiteElo "2441"]
[BlackElo "2589"]
[PlyCount "68"]
[EventDate "2013.??.??"]
[WhiteTeam "SV Lingen"]
[BlackTeam "Bochumer SV 02"]

1. Nf3 c5 2. c4 Nc6 3. Nc3 g6 4. g3 Bg7 5. Bg2 e5 6. O-O Nge7 7. a3 O-O 8. b4
d5 9. cxd5 Nxd5 10. Nxd5 Qxd5 11. Ng5 Qd8 12. Ne4 cxb4 13. axb4 f5 14. b5 Nd4
15. Nc3 Be6 16. Ra3 Qd7 17. Qa4 e4 18. Bb2 Nxe2+ 19. Kh1 Qxd2 20. Nxe2 Qxb2 21.
Nf4 Bf7 22. f3 Rfc8 23. fxe4 Rc4 24. Qb3 Qxb3 25. Rxb3 fxe4 26. Re3 Re8 27.
Rfe1 Rb4 28. Bxe4 g5 29. Nh3 h6 30. Bxb7 Rxe3 31. Rxe3 Rxb5 32. Be4 a5 33. Nf2
Bd4 34. Rf3 Re5 0-1

[Event "17. OIBM Bad Wiessee"]
[Site "Bad Wiessee"]
[Date "2013.10.29"]
[Round "5.7"]
[White "Kempinski, Robert"]
[Black "Eggleston, David"]
[Result "1/2-1/2"]
[WhiteElo "2585"]
[BlackElo "2399"]
[PlyCount "107"]
[EventDate "2013.??.??"]
[WhiteTeam "Hamburger SK von 1830 eV"]
[BlackTeam "Durham"]

1. d4 Nf6 2. c4 e6 3. Nf3 b6 4. g3 Bb7 5. Bg2 Be7 6. O-O O-O 7. Re1 a5 8. a3
Na6 9. Nc3 Ne4 10. Bd2 f5 11. Qc2 Bf6 12. Rad1 Qe7 13. Qb3 Kh8 14. Be3 g5 15.
Nxe4 Bxe4 16. Ne5 Bxg2 17. Kxg2 Bxe5 18. dxe5 f4 19. Bd4 g4 20. Qd3 Nc5 21.
Bxc5 Qxc5 22. Qd4 fxg3 23. hxg3 Rf7 24. Qxc5 bxc5 25. Rd3 Rb8 26. b3 Rbf8 27.
f4 gxf3+ 28. exf3 Rg8 29. Red1 Rgg7 30. Kf2 Kg8 31. f4 Kf8 32. Kf3 Ke8 33. Rh1
Rf8 34. Rd2 Rfg8 35. Rh3 Ke7 36. Rd3 Ke8 37. Kf2 Ke7 38. Rh6 Rb8 39. a4 Rbg8
40. Kg2 Rf8 41. Kh3 Rfg8 42. Rf3 c6 43. Rh4 Ke8 44. Rd3 Rf8 45. Rg4 Rxg4 46.
Kxg4 Rf5 47. Rd2 h5+ 48. Kf3 Kd8 49. Rh2 Kc7 50. Rh3 Kc8 51. g4 hxg4+ 52. Kxg4
Rf8 53. Rh5 Kc7 54. Rh3 1/2-1/2

[Event "17. OIBM Bad Wiessee"]
[Site "Bad Wiessee"]
[Date "2013.10.29"]
[Round "5.8"]
[White "Hunt, Adam"]
[Black "Krämer, Martin"]
[Result "1-0"]
[WhiteElo "2429"]
[BlackElo "2546"]
[PlyCount "39"]
[EventDate "2013.??.??"]
[WhiteTeam "Woodbridge School"]
[BlackTeam "Sfrd. Berlin 1903 e.V."]

1. e4 c5 2. Nf3 d6 3. d4 cxd4 4. Nxd4 Nf6 5. Nc3 a6 6. Bg5 Nbd7 7. Bc4 Qb6 8.
Qd2 Qxb2 9. Rb1 Qa3 10. O-O e6 11. Bxe6 fxe6 12. Nxe6 Qa5 13. f4 Kf7 14. f5 Be7
15. Kh1 h6 16. Be3 b5 17. a4 Ne5 18. axb5 axb5 19. Rxb5 Nxe4 20. Ng5+ 1-0

[Event "17. OIBM Bad Wiessee"]
[Site "Bad Wiessee"]
[Date "2013.10.29"]
[Round "5.9"]
[White "Bellia, Fabrizio"]
[Black "Nyzhnyk, Illya"]
[Result "0-1"]
[WhiteElo "2421"]
[BlackElo "2625"]
[PlyCount "78"]
[EventDate "2013.??.??"]
[BlackTeam "SG Porz e.V."]

1. d4 Nf6 2. c4 g6 3. g3 Bg7 4. Bg2 O-O 5. Nc3 d6 6. Nf3 c6 7. O-O Bf5 8. Ng5
h6 9. e4 Bg4 10. Nf3 e5 11. dxe5 Bxf3 12. Bxf3 dxe5 13. Be3 Qe7 14. Qb3 Na6 15.
Rad1 Rfe8 16. Na4 b6 17. Nc3 Nc5 18. Qa3 Bf8 19. b3 Kh7 20. Rd2 Ne6 21. Qc1 Qa3
22. Qc2 Bc5 23. Bxc5 Qxc5 24. Bg2 Nd4 25. Qc1 Rad8 26. Kh1 Kg7 27. h3 h5 28. f4
h4 29. g4 exf4 30. Rxf4 Ne6 31. Rf1 Rxd2 32. Qxd2 Rd8 33. Qe1 Qe5 34. Nb1 Rd3
35. Nd2 Ng5 36. Nf3 Nxf3 37. Rxf3 Nxe4 38. Kg1 Qd4+ 39. Kh2 Qd6+ 0-1

[Event "17. OIBM Bad Wiessee"]
[Site "Bad Wiessee"]
[Date "2013.10.29"]
[Round "5.10"]
[White "Romanov, Evgeny"]
[Black "Rambaldi, Francesco"]
[Result "1-0"]
[WhiteElo "2654"]
[BlackElo "2361"]
[PlyCount "63"]
[EventDate "2013.??.??"]
[WhiteTeam "SF Katernberg 1913 e.V"]

1. d4 Nf6 2. Nf3 g6 3. Bg5 Bg7 4. c3 c5 5. dxc5 Nc6 6. Nbd2 b6 7. cxb6 Qxb6 8.
Qb3 Qa5 9. e4 Rb8 10. Qc2 d5 11. Bxf6 Bxf6 12. Nb3 Qa4 13. exd5 Na5 14. Qd1 Bg4
15. Be2 Bxf3 16. Bxf3 O-O 17. O-O Nxb3 18. axb3 Qxb3 19. Qxb3 Rxb3 20. Rxa7
Rxb2 21. Rc7 Rc2 22. c4 Rb8 23. Rd1 Rbb2 24. c5 Rxf2 25. c6 Rfd2 26. Rxd2 Rxd2
27. Rd7 Bd4+ 28. Kf1 Bb6 29. Rxe7 Rf2+ 30. Ke1 Rc2 31. d6 Bc5 32. Re8+ 1-0

[Event "17. OIBM Bad Wiessee"]
[Site "Bad Wiessee"]
[Date "2013.10.29"]
[Round "5.12"]
[White "Lampert, Jonas"]
[Black "Prusikin, Michael"]
[Result "1/2-1/2"]
[WhiteElo "2376"]
[BlackElo "2546"]
[PlyCount "44"]
[EventDate "2013.??.??"]
[WhiteTeam "HSK von 1830 eV"]
[BlackTeam "TV Tegernsee"]

1. e4 e6 2. d4 d5 3. Nd2 Nf6 4. e5 Nfd7 5. Bd3 c5 6. c3 Nc6 7. Ne2 a5 8. O-O a4
9. a3 Be7 10. f4 cxd4 11. cxd4 Nb6 12. b4 axb3 13. Qxb3 Na5 14. Bb5+ Bd7 15.
Bxd7+ Nxd7 16. Qd3 Qb6 17. f5 Nxe5 18. Qg3 Bf6 19. Rb1 Qa7 20. Kh1 Nec4 21.
fxe6 fxe6 22. Nxc4 Nxc4 1/2-1/2

[Event "17. OIBM Bad Wiessee"]
[Site "Bad Wiessee"]
[Date "2013.10.29"]
[Round "5.13"]
[White "Frick, Christoph"]
[Black "Hausrath, Daniel"]
[Result "0-1"]
[WhiteElo "2254"]
[BlackElo "2532"]
[PlyCount "94"]
[EventDate "2013.??.??"]
[WhiteTeam "SV Tübingen 1870 e.V."]
[BlackTeam "SV Mülheim-Nord 1931 e"]

1. e4 c5 2. Nc3 Nc6 3. g3 g6 4. Bg2 Bg7 5. d3 d6 6. Nh3 Rb8 7. O-O e6 8. Be3
Nge7 9. Qd2 h6 10. Rae1 b6 11. f4 f5 12. exf5 gxf5 13. Ne2 O-O 14. d4 Ba6 15.
d5 exd5 16. Bxd5+ Kh8 17. Bg2 d5 18. Kh1 Na5 19. b3 d4 20. Bf2 Ng8 21. Nhg1 Nf6
22. Nf3 Ne4 23. Qc1 Nc6 24. Nh4 Qf6 25. Bxe4 fxe4 26. f5 e3 27. Ng6+ Kg8 28.
Bxe3 dxe3 29. Nxf8 Rxf8 30. Qxe3 Nd4 31. Nxd4 cxd4 32. Qe4 Bxf1 33. Rxf1 Rc8
34. Rf2 Qc6 35. Qxc6 Rxc6 36. g4 Bf6 37. a4 Rc3 38. Rd2 Kf7 39. Kg2 Re3 40. Kf2
Be5 41. Rd3 Rxd3 42. cxd3 Bxh2 43. Kf3 Kf6 44. Ke4 Kg5 45. Kd5 Bf4 46. Kxd4
Kxg4 47. f6 h5 0-1

[Event "17. OIBM Bad Wiessee"]
[Site "Bad Wiessee"]
[Date "2013.10.29"]
[Round "5.14"]
[White "Bromberger, Stefan"]
[Black "Maier, Alexander"]
[Result "1-0"]
[WhiteElo "2521"]
[BlackElo "2311"]
[PlyCount "47"]
[EventDate "2013.??.??"]
[WhiteTeam "MSA Zugzwang 82 e.V."]
[BlackTeam "SK Ingolstadt"]

1. d4 c5 2. d5 Nf6 3. c4 d6 4. Nc3 g6 5. e4 Bg7 6. Bd3 e5 7. Nge2 Na6 8. a3 O-O
9. h3 Nc7 10. Bg5 Qe8 11. Qd2 Nd7 12. Ng3 f5 13. exf5 e4 14. Be2 gxf5 15. Nh5
Bd4 16. O-O-O Qg6 17. g4 fxg4 18. hxg4 Rxf2 19. Be3 Bxe3 20. Qxe3 Rf8 21. g5
Kh8 22. Nxe4 Re8 23. Qc3+ Re5 24. Bd3 1-0

[Event "17. OIBM Bad Wiessee"]
[Site "Bad Wiessee"]
[Date "2013.10.29"]
[Round "5.15"]
[White "Poetsch, Hagen"]
[Black "Bianco, Valerio"]
[Result "1-0"]
[WhiteElo "2472"]
[BlackElo "2157"]
[PlyCount "41"]
[EventDate "2013.??.??"]
[WhiteTeam "Sfr. Schöneck"]
[BlackTeam "Assoc. Dilettantistica Scacchi G"]

1. e4 c5 2. Nf3 d6 3. d4 cxd4 4. Nxd4 Nf6 5. Nc3 Nc6 6. Bg5 e6 7. Qd2 Be7 8.
O-O-O Nxd4 9. Qxd4 O-O 10. h4 a6 11. e5 dxe5 12. Qxe5 Bd7 13. Rh3 Nh5 14. Qd4
Bxg5+ 15. hxg5 Qxg5+ 16. f4 Qa5 17. Bd3 Nf6 18. Qxf6 gxf6 19. Bxh7+ Kg7 20.
Rg3+ Kh6 21. f5 1-0

[Event "17. OIBM Bad Wiessee"]
[Site "Bad Wiessee"]
[Date "2013.10.29"]
[Round "5.17"]
[White "Schäfer, Michael"]
[Black "Pezerovic, Edin"]
[Result "1/2-1/2"]
[WhiteElo "2151"]
[BlackElo "2439"]
[PlyCount "55"]
[EventDate "2013.??.??"]
[WhiteTeam "FB Mörlenbach-Birkenau"]
[BlackTeam "Münchener SC 1836 e.V."]

1. d4 d5 2. c4 c6 3. cxd5 cxd5 4. Nc3 Nc6 5. Nf3 Nf6 6. Ne5 Qb6 7. Nxc6 bxc6 8.
g3 Bf5 9. Bg2 e6 10. O-O Bd6 11. Na4 Qb5 12. b3 e5 13. dxe5 Bxe5 14. Ba3 Rd8
15. Rc1 Bd6 16. Bxd6 Rxd6 17. Qd4 Re6 18. Qxa7 O-O 19. e3 Qe2 20. Nc5 Re5 21.
Qa4 Qh5 22. Qh4 Qg6 23. Qd4 Rfe8 24. Rc3 Qh6 25. Qh4 Qg6 26. Qd4 Qh6 27. Qh4
Qg6 28. Qd4 1/2-1/2

[Event "17. OIBM Bad Wiessee"]
[Site "Bad Wiessee"]
[Date "2013.10.29"]
[Round "5.18"]
[White "Delchev, Aleksander"]
[Black "Marzano, Carlo"]
[Result "1-0"]
[WhiteElo "2643"]
[BlackElo "2156"]
[PlyCount "83"]
[EventDate "2013.??.??"]
[WhiteTeam "SV Deggendorf"]

1. e4 e5 2. Nf3 Nf6 3. Nc3 Nc6 4. Bb5 Bb4 5. O-O O-O 6. d3 d6 7. Ne2 Bg4 8. c3
Bc5 9. Ng3 Nh5 10. Kh1 Ne7 11. h3 Nxg3+ 12. fxg3 Bxf3 13. Qxf3 c6 14. Bc4 d5
15. Bb3 a5 16. a4 Qb6 17. Ba2 Rad8 18. g4 f6 19. Rb1 Kh8 20. b4 axb4 21. cxb4
dxe4 22. Qxe4 Bd4 23. b5 Nd5 24. bxc6 Nc3 25. Rxb6 Nxe4 26. dxe4 Bxb6 27. cxb7
Rd4 28. Be3 Rxa4 29. Bxb6 Rxa2 30. Rc1 Raa8 31. bxa8=Q Rxa8 32. g5 Kg8 33. gxf6
gxf6 34. Rc6 Kf7 35. Bf2 Kg7 36. Bh4 Rf8 37. g4 h6 38. Kg2 Rf7 39. Kf3 Rf8 40.
Ke3 Rf7 41. Rd6 Rf8 42. Kd3 1-0

[Event "17. OIBM Bad Wiessee"]
[Site "Bad Wiessee"]
[Date "2013.10.29"]
[Round "5.22"]
[White "Bogner, Sebastian"]
[Black "Pierecker, Markus"]
[Result "1-0"]
[WhiteElo "2552"]
[BlackElo "2191"]
[PlyCount "69"]
[EventDate "2013.??.??"]
[WhiteTeam "SC Eppingen"]

1. Nf3 Nf6 2. c4 c5 3. Nc3 Nc6 4. d4 cxd4 5. Nxd4 e6 6. a3 d5 7. cxd5 Nxd5 8.
Nxc6 bxc6 9. Bd2 Be7 10. e4 Nb6 11. Be2 e5 12. O-O Be6 13. Qc2 O-O 14. Rfd1 a5
15. Be3 Qb8 16. Nb1 a4 17. Nd2 c5 18. Rac1 Rc8 19. Qc3 h6 20. h3 Bg5 21. Bxg5
hxg5 22. Qe3 c4 23. Qxg5 Rd8 24. Qe3 Qc7 25. Nb1 Rxd1+ 26. Rxd1 Rd8 27. Nc3
Rxd1+ 28. Bxd1 Qd8 29. Kh2 Qd4 30. Bxa4 Nxa4 31. Nxa4 Bd7 32. Nc3 Bc6 33. Qe2
f5 34. exf5 Qf4+ 35. Kg1 1-0

[Event "17. OIBM Bad Wiessee"]
[Site "Bad Wiessee"]
[Date "2013.10.29"]
[Round "5.23"]
[White "Mons, Leon"]
[Black "Möhn, Hans"]
[Result "1-0"]
[WhiteElo "2432"]
[BlackElo "2181"]
[PlyCount "47"]
[EventDate "2013.??.??"]
[WhiteTeam "SC Forchheim e.V."]
[BlackTeam "USV TU Dresden"]

1. e4 c6 2. Nf3 d5 3. Nc3 Nf6 4. e5 Ne4 5. Ne2 Qb6 6. d4 e6 7. Nfg1 f6 8. f3
Ng5 9. exf6 gxf6 10. f4 Nf7 11. Nf3 c5 12. f5 e5 13. dxe5 Bxf5 14. Nc3 fxe5 15.
Nxd5 Qd6 16. Ng5 Nxg5 17. Bxg5 Nd7 18. Bb5 a6 19. Nf6+ Kf7 20. Bc4+ Kg7 21. Qh5
Be6 22. Bh6+ Kxf6 23. Bg5+ Kg7 24. Qh6+ 1-0

[Event "17. OIBM Bad Wiessee"]
[Site "Bad Wiessee"]
[Date "2013.10.29"]
[Round "5.25"]
[White "Pohle, Dirk"]
[Black "Kurmann, Oliver"]
[Result "0-1"]
[WhiteElo "2234"]
[BlackElo "2411"]
[PlyCount "78"]
[EventDate "2013.??.??"]
[WhiteTeam "SC Solingen 1928 e.V."]
[BlackTeam "SG Luzern"]

1. e4 c5 2. d3 Nc6 3. c3 g6 4. Be3 e5 5. Be2 Nf6 6. f4 d5 7. Qc2 Qe7 8. Bf3
dxe4 9. dxe4 exf4 10. Bxf4 Bg7 11. Ne2 O-O 12. Nd2 Ne5 13. Bxe5 Qxe5 14. O-O
Be6 15. Rfe1 Rad8 16. Nf1 h5 17. Neg3 h4 18. Nh1 Bh6 19. Nf2 c4 20. Kh1 Bf4 21.
Rad1 b5 22. Rxd8 Rxd8 23. Rd1 Rb8 24. a3 Kg7 25. Qe2 a5 26. h3 b4 27. axb4 axb4
28. Ne3 bxc3 29. bxc3 Qxc3 30. Nd5 Bxd5 31. exd5 Re8 32. Qf1 Bd6 33. Kg1 Re3
34. Ng4 Nxg4 35. Bxg4 Qe5 36. Bf3 Qh2+ 37. Kf2 Re7 38. Qxc4 Bg3+ 39. Kf1 Qh1#
0-1

[Event "17. OIBM Bad Wiessee"]
[Site "Bad Wiessee"]
[Date "2013.10.29"]
[Round "5.26"]
[White "Jahnz, Fabian"]
[Black "Berchtenbreiter, Max"]
[Result "1/2-1/2"]
[WhiteElo "2226"]
[BlackElo "2405"]
[PlyCount "96"]
[EventDate "2013.??.??"]
[WhiteTeam "SK König Tegel 1949 e.V."]
[BlackTeam "SG Pang-Rosenheim 1910 e.V."]

1. e4 e5 2. Nf3 Nc6 3. Bc4 g6 4. d4 exd4 5. Nxd4 Bg7 6. Nxc6 bxc6 7. O-O Ne7 8.
Nc3 O-O 9. Bg5 d6 10. Qd2 Be6 11. Bb3 Qd7 12. Ba4 Rab8 13. Rab1 f6 14. Bh4 Kh8
15. f4 Nc8 16. f5 gxf5 17. exf5 Bxf5 18. Bxc6 Qxc6 19. Rxf5 Ne7 20. Rf3 Ng6 21.
Bf2 f5 22. Bxa7 Rb4 23. Bf2 Ne5 24. Rg3 f4 25. Rh3 Qd7 26. Rh4 Rg8 27. Kh1 f3
28. Rg1 Rxh4 29. Bxh4 Qf5 30. Bg3 Nc4 31. Qd5 Qxd5 32. Nxd5 Bd4 33. Rd1 f2 34.
b3 Rxg3 35. bxc4 Ra3 36. g3 c6 37. Nf4 c5 38. Nd5 Rxa2 39. c3 Be5 40. Rf1 Ra4
41. Nb6 Ra3 42. Rxf2 Kg7 43. Kg2 Rxc3 44. Rf3 Rc1 45. Rf1 Rc2+ 46. Rf2 Rc1 47.
Rf1 Rc2+ 48. Rf2 Rc1 1/2-1/2

[Event "17. OIBM Bad Wiessee"]
[Site "Bad Wiessee"]
[Date "2013.10.29"]
[Round "5.27"]
[White "Schramm, Christian"]
[Black "Papenbrock, Volker"]
[Result "1-0"]
[WhiteElo "2396"]
[BlackElo "2183"]
[PlyCount "49"]
[EventDate "2013.??.??"]
[WhiteTeam "SC 1959 Obernau"]
[BlackTeam "SK Union Eimsbuettel eV"]

1. e4 g6 2. Nc3 Bg7 3. Bc4 d6 4. f4 c5 5. Nf3 Nc6 6. d3 a6 7. O-O Na5 8. Qe1
Nxc4 9. dxc4 Nf6 10. e5 dxe5 11. fxe5 Ng4 12. Nd5 Be6 13. h3 Nh6 14. Bxh6 Bxh6
15. Qh4 Bxd5 16. cxd5 Be3+ 17. Kh1 h5 18. e6 O-O 19. Qe4 Bh6 20. exf7+ Kh7 21.
Ne5 Qd6 22. Nc4 Qg3 23. Rf3 Qg5 24. Ne5 Rad8 25. h4 1-0

[Event "17. OIBM Bad Wiessee"]
[Site "Bad Wiessee"]
[Date "2013.10.29"]
[Round "5.28"]
[White "Freundorfer, Josef"]
[Black "Moor, Oliver"]
[Result "0-1"]
[WhiteElo "2196"]
[BlackElo "2391"]
[PlyCount "48"]
[EventDate "2013.??.??"]
[WhiteTeam "MTV Ingolstadt"]

1. e4 e6 2. d4 d5 3. Nc3 Nf6 4. Bg5 Bb4 5. e5 h6 6. Be3 Ne4 7. a3 Nxc3 8. Qg4
Bf8 9. bxc3 Nc6 10. Bd3 Bd7 11. h4 Qe7 12. Nf3 O-O-O 13. a4 f5 14. Qg3 Na5 15.
h5 Qf7 16. Nh4 Qxh5 17. Be2 Qf7 18. Ng6 Rg8 19. Bh5 Be8 20. O-O Nc6 21. Rfb1
Ne7 22. Nxe7+ Qxe7 23. Bxe8 Rxe8 24. Bxh6 gxh6 0-1

[Event "17. OIBM Bad Wiessee"]
[Site "Bad Wiessee"]
[Date "2013.10.29"]
[Round "5.29"]
[White "Valenti, Giuseppe"]
[Black "Deglmann, Ludwig"]
[Result "1/2-1/2"]
[WhiteElo "2177"]
[BlackElo "2351"]
[PlyCount "40"]
[EventDate "2013.??.??"]
[BlackTeam "SK Weilheim"]

1. e4 e6 2. d4 d5 3. Nd2 Nf6 4. e5 Nfd7 5. Bd3 c5 6. c3 Nc6 7. Ne2 cxd4 8. cxd4
f6 9. exf6 Nxf6 10. Nf3 Bd6 11. O-O Qc7 12. g3 O-O 13. Bf4 Ng4 14. Bxd6 Qxd6
15. Nc3 e5 16. dxe5 Ncxe5 17. Nxe5 Qxe5 18. Be2 Nf6 19. Re1 Qf5 20. Qd3 Qxd3
1/2-1/2